Roman Cities – Sudden Death - Statistics

General Stats
  • This quiz has been taken 44,609 times
  • The average score is 13 of 21
Answers on the Grid
Answers color-coded by a green-red scale on the quiz's grid according to % correct below.
Alexandria
Amman
Ankara
Athens
Belgrade
Berlin
Budapest
Chicago
Cologne
Copenhagen
Damascus
Delhi
Dubai
Dublin
Istanbul
Jerusalem
Lisbon
London
Lyon
Marseille
Milan
Mogadishu
Moscow
Paris
Riyadh
Seville
Tehran
Timbuktu
Tunis
Vienna
York
Zurich
 
Answer Stats
Answer % Correct
Alexandria
88%
Athens
81%
Milan
73%
Istanbul
67%
Paris
66%
Jerusalem
65%
Marseille
65%
Tunis
64%
Ankara
63%
Damascus
63%
Lyon
63%
London
62%
Vienna
60%
Belgrade
58%
Seville
58%
Budapest
56%
Lisbon
56%
Cologne
52%
Zurich
52%
Amman
49%
York
43%
No matching quizzes found
Score Distribution
Percent of People with Each Score
Percentile by Number Answered
Your Score History
You have not taken this quiz